| 000 | 00638nam a2200193 a 4500 | ||
|---|---|---|---|
| 005 | 20140412111429.0 | ||
| 008 | 090226s19uu xx 00 eng d | ||
| 020 | _a0-439-63601-9 | ||
| 050 |
_aM 925 _bR83 2001 |
||
| 100 | _aRuffin, Frances E. | ||
| 245 |
_aMartin Luther King and the march on Washington/ _cFrances E. Ruffin. |
||
| 260 |
_aNew York : _bScholastic, _c2001. |
||
| 300 | _a46p. | ||
| 440 | _aAll aboard reading 2 | ||
| 520 | _aOn hot summer day in 1963, more than 250,000 people, poured into washington, D.C. | ||
| 650 |
_aRacial Discrimination _xAmerican |
||
| 650 |
_aAmerican History _xAmerican |
||
| 999 |
_c106329 _d106329 |
||